Normal view
MARC view
- Sheila Mello, Wayne Mackey and Ronald Lasser and Richard Tait
Entry Personal Name
001 - CONTROL NUMBER
- control field: 3844
003 - CONTROL NUMBER IDENTIFIER
- control field: OSt
005 - DATE AND TIME OF LATEST TRANSACTION
- control field: 20201117114607.0
008 - FIXED-LENGTH DATA ELEMENTS
- fixed length control field: 201117|| aca||aabn | a|a d
040 ## - CATALOGING SOURCE
- Original cataloging agency: OSt
- Transcribing agency: OSt
100 ## - HEADING--PERSONAL NAME
- Personal name: Sheila Mello, Wayne Mackey and Ronald Lasser and Richard Tait
670 ## - SOURCE DATA FOUND
- Source citation: Work cat.: (OSt): Mello, Sheila 3842, Value Innovation Portfolio Management/Achieving Double-Digit Growth Through Customer Value , c2006
